| 000 | 01458nam a22002777a 4500 | ||
|---|---|---|---|
| 005 | 2011072703233.0 | ||
| 010 | _aB-432414-418 | ||
| 020 |
_a8182633435 _c15.00 |
||
| 035 | _aB-432414-418 | ||
| 037 | _bBlueberry Books | ||
| 082 | _aS | ||
| 100 |
_aOhri, Herminder _930279 |
||
| 245 |
_aSaboo and Jojo / _cby Herminder Ohri |
||
| 250 | _a3rd ed. | ||
| 260 |
_aBangalore : _bPratham Books, _c2010. |
||
| 270 |
_a633-634, 4th C Main, B cross, Ombr Layout, Banaswadi _bBangalore _e560043 _k80-25420925 |
||
| 300 |
_a8 p.: _billus. _c20 cm (Pbk) |
||
| 700 | _930183 | ||
| 942 |
_2ddc _cCH _hS _mOHR |
||
| 999 |
_c54457 _d54457 |
||